000 00497nam a22001937a 4500
003 MPLRDC
005 20220104202318.0
008 210129b ||||| |||| 00| 0 eng d
020 _a978-986-319-002-8
082 _a857.7 HX-3 v.5
100 _a护玄
245 _a承诺
_cAKRU 插画
250 _a初版一刷
260 _a台湾
_b盖亚文化有限公司
_c2014
300 _b
520 _a新书上架 2018-07-01。
650 _a现代长篇小说
942 _cBK
_o857.7 HX-3 v.5
999 _c67584
_d67574